| 000 | 00461cam a2200181ua 4500 | ||
|---|---|---|---|
| 020 | _c10.60 | ||
| 041 |
_aeng _h |
||
| 082 |
_a620.102 _bBIR/ME |
||
| 100 | _aBird, G W . | ||
| 245 |
_aMechanics for engineering students / _cG W Bird. _hTextual Documents |
||
| 250 |
_a4 / _b. |
||
| 260 |
_aLondon : _bSir Isaac Pitman & Sons Ltd , _c1959. |
||
| 300 | _a152 ; . | ||
| 365 | _a10.60 | ||
| 700 | 1 | _aBatson, F J. | |
| 942 | _cBK | ||
| 999 |
_c10893 _d10893 |
||